000 nam a22 a 4500
999 _c296
_d296
003 AKMAL
005 20170503101529.0
008 170503t1997 my a e 00 may d
020 _a9838996874 (kkt.):
_cRM25.90
040 _aAKMAL
082 0 4 _a004.3 WYA
_222
090 0 0 _a004.3
_bWYA
100 1 _aWyant, Gregg
_9654
245 1 0 _aBagaimana mikropemproses berfungsi :
_bGregg Wyant & Tucker Hammerstrom /
_cillustrasi oleh K. Daniel Clark
250 _aMalaysia ed.
260 _aKuala Lumpur :
_bS. Abdul Majeed,
_c1997
300 _a208ms. :
_bil. wrn. ;
_c26cm
650 0 _aMicroprocessors
_xDesign and construction
_9655
700 1 _aHammerstrom, Tucker
_9656
700 1 _aClark, K. Daniel
_9657
942 _2ddc
_cBOOK